El aprendizaje y la personalidad del alumno

Guardat en:
Dades bibliogràfiques
Autor principal: Ojemann, Ralph H. (autor)
Format: Llibre
Idioma:espanyol
Publicat: Buenos Aires Librería del Colegio 1970
Col·lecció:Nueva Pedagogía, 5
Matèries:
Etiquetes: Afegir etiqueta
Sense etiquetes, Sigues el primer a etiquetar aquest registre!

MARC

LEADER 00000nam a2200000 a 4500
001 UCU1036
003 CL-VaPUC
008 960329e19700000AG |||||||||||||||||spa|d
082 0 4 |a 370.156  |b OJE  |2 21 
100 |a Ojemann, Ralph H.  |e autor  |9 356630 
245 1 3 |a El aprendizaje y la personalidad del alumno 
300 |a 47 p 
942 |c BK 
945 |d 19960329 00:00:00  |a lriquelm 
260 |a Buenos Aires  |b Librería del Colegio  |c 1970 
650 0 |a Procesos de aprendizaje  |9 309161 
650 0 |a Aprendizaje   |9 254827 
650 0 |a Psicología educacional   |9 307830 
650 0 |a Personalidad   |9 307255 
650 0 |a Psicología individual  |9 309049 
650 7 |a DESARROLLO DE LA PERSONALIDAD  |2 CL-VaPUC  |9 311216 
583 |a last modification  |c 19960329 00:00:00  |k Rodrigo Vera 
490 0 |a Nueva Pedagogía, 5 
999 |c 245806  |d 245804 
952 |0 0  |1 0  |4 0  |6 370_156000000000000_OJE_1970  |7 0  |8 P  |9 260405  |a BIBEDU  |b BIBEDU  |c BIBEDU_PB  |d 2019-11-19  |i 1639714  |o 370.156 OJE 1970  |p 1639714  |r 2024-01-25  |w 2019-11-19  |y BK  |k EDU